000 00427nam a2200157 4500
001 108527
003 ES-MaACL
005 20230906184646.0
007 t|
008 061121s1977 sp r ||||1| spa d
100 1 _aMontesinos, José F.
_982596
245 1 0 _aPedro Antonio de Alarcón /
_cJosé F. Montesinos.
260 _aMadrid :
_bCastalia,
_c1977.
300 _a288 p. ;
_c22 cm.
852 _aES-MaACL
_jA-8434
_bR.97614
999 _c108527
_d108527